00677nam a2200253Ia 4500008004100000020001800041050001000059050001400069100001500083245002100098245005200119245003800171260001200209260001700221260000900238300001500247300003300262440002400295500003800319650002100357700002200378700001200400700001100412171025s9999 xx 000 0 und d a9781900322249 a551.6 bC638 2008 aClift, Jon aClimate change : bsimple things you can do to make a difference / cby Jon Clift and Amanda Cuthbert. aDevon : bGreen Books, c2008 a92 pages : bsome colored illustrations ; aGreen books guides. aIncludes bibliographic reference. aClimatic change. aCuthbert, Amanda. aSeries. aTitle.